Państwa Przyjazne Do Rosji bardziej Niż USA - Statystyki

Ogólne statystyki
  • Ten quiz został rozwiązany 147 razy
  • Średni wynik to 15 z 24
Statystyki odpowiedzi
Odpowiedź % Poprawnych
6 Chiny
96%
14 Białoruś
94%
7 Korea Północna
89%
15 Iran
80%
22 Kazachstan
77%
3 Uzbekistan
76%
2 Tadżykistan
70%
4 Turkmenistan
70%
24 Kirgistan
67%
16 Armenia
65%
5 Mongolia
64%
21 Syria
64%
23 Pakistan
62%
9 Wietnam
60%
17 Azerbejdżan
57%
1 Kuba
56%
12 Serbia
54%
20 Egipt
50%
13 Mołdawia
50%
10 Laos
46%
11 Wenezuela
45%
8 Kambodża
44%
19 Sudan
30%
18 Czad
15%
Nie znaleziono quizów pasujących do podanych kryteriów
Rozkład punktacji
Procent ludzi z każdym wynikiem
Percentyl według liczby udzielonych odpowiedzi
Twoja historia wyników
Nie rozwiązałeś tego quizu